[Event "Hannover-ch U16/18"]
[Site "Lehrte"]
[Date "2015.10.31"]
[Round "5"]
[White "Brockmeyer, Tobias"]
[Black "Thormann, Georg"]
[Result "1-0"]
[WhiteElo "1551"]
[BlackElo "1129"]
[PlyCount "43"]
[EventDate "2015.10.29"]
[EventType "swiss"]
[EventRounds "7"]
[EventCountry "GER"]
[SourceTitle "EXT 2021"]
[Source "ChessBase"]
[SourceDate "2020.10.23"]
[SourceVersion "1"]
[SourceVersionDate "2020.10.23"]
[SourceQuality "1"]

1. d4 d5 2. c4 e6 3. Nc3 Nf6 4. cxd5 exd5 5. Bg5 Be6 6. e3 Be7 7. Nf3 Nc6 8. Qb3 Rb8 9. Bd3 Nb4 10. Bb1 Nc6 11. a3 Na5 12. Qa4+ Nc6 13. Ne5 Bd7 14. Nxc6 Bxc6 15. Qc2 Bd7 16. Bxf6 Bxf6 17. Nxd5 Bc6 18. Nxf6+ Qxf6 19. 0-0 Rd8 20. Qf5 Qh4 21. Qe5+ Kd7 22. Bf5# 1-0

[Event "Hannover-ch U16/18"]
[Site "Lehrte"]
[Date "2015.10.30"]
[Round "3"]
[White "Thormann, Georg"]
[Black "Wehrhahn, Duncan"]
[Result "0-1"]
[WhiteElo "1129"]
[BlackElo "1388"]
[PlyCount "51"]
[EventDate "2015.10.29"]
[EventType "swiss"]
[EventRounds "7"]
[EventCountry "GER"]
[SourceTitle "EXT 2021"]
[Source "ChessBase"]
[SourceDate "2020.10.23"]
[SourceVersion "1"]
[SourceVersionDate "2020.10.23"]
[SourceQuality "1"]

1. e4 e5 2. Nf3 Nc6 3. Bb5 Nf6 4. Nc3 Bb4 5. 0-0 d6 6. d3 Bg4 7. Nd5 a6 8. Bxc6+ bxc6 9. Nxb4 a5 10. Nxc6 Qd7 11. Ncxe5 dxe5 12. Nxe5 Bxd1 13. Nxd7 Kxd7 14. Rxd1 h5 15. b3 Rhg8 16. Bb2 Nh7 17. f4 g5 18. Rf1 gxf4 19. Rxf4 Ng5 20. h4 Nh3+ 21. Kh1 Nxf4 22. Rf1 Nxg2 23. Rxf7+ Kc6 24. Rh7 Nxh4 25. Rxh5 Nf3 26. c4 0-1

[Event "Hannover-ch U16"]
[Site "Lehrte"]
[Date "2014.10.27"]
[Round "6"]
[White "Sejdi, Benjamin"]
[Black "Thormann, Georg"]
[Result "0-1"]
[WhiteElo "697"]
[BlackElo "951"]
[PlyCount "130"]
[EventDate "2014.10.25"]
[EventType "swiss"]
[EventRounds "7"]
[EventCountry "GER"]
[SourceTitle "EXT 2021"]
[Source "ChessBase"]
[SourceDate "2020.10.23"]
[SourceVersion "1"]
[SourceVersionDate "2020.10.23"]
[SourceQuality "1"]

1. e4 e6 2. Nf3 d5 3. Nc3 Nf6 4. e5 Nfd7 5. d4 c5 6. Be3 Qb6 7. Bb5 a6 8. a4 axb5 9. Nxb5 Be7 10. 0-0 0-0 11. Bg5 Bxg5 12. Nxg5 h6 13. Nf3 Nc6 14. c3 c4 15. b3 cxb3 16. Qxb3 Na7 17. c4 dxc4 18. Qxc4 Nxb5 19. axb5 Ra7 20. Rxa7 Qxa7 21. d5 Qc5 22. Nd2 Qxd5 23. Qe2 Qxe5 24. Qxe5 Nxe5 25. Ne4 b6 26. Nd6 Bd7 27. h3 Ra8 28. Re1 Ng6 29. Rc1 Ra5 30. Rc7 Bxb5 31. Rxf7 Bd3 32. Rb7 b5 33. Rb8+ Nf8 34. Rb7 Ra4 35. Nxb5 Bxb5 36. Rxb5 Kf7 37. g3 Kf6 38. f4 Ra2 39. g4 Ng6 40. Rb4 Ne7 41. Re4 g5 42. f5 exf5 43. gxf5 Nxf5 44. Re8 Kg7 45. Re5 Kg6 46. Rb5 Nd4 47. Rb6+ Kh5 48. Rd6 Nf3+ 49. Kf1 Rh2 50. Rd3 Rxh3 51. Kf2 Kg4 52. Ke3 Ne5+ 53. Ke4 Nxd3 54. Kd5 Kf5 55. Kd6 g4 56. Kd5 g3 57. Kd4 g2 58. Kc3 g1Q 59. Kc2 Qc1+ 60. Kb3 Ne5+ 61. Kb4 Qc4+ 62. Ka5 Ra3+ 63. Kb6 Rb3+ 64. Ka5 Qb4+ 65. Ka6 Qa4# 0-1

[Event "Hannover-ch U16"]
[Site "Lehrte"]
[Date "2014.10.25"]
[Round "2"]
[White "Baeuerlein, Michael"]
[Black "Thormann, Georg"]
[Result "0-1"]
[WhiteElo "952"]
[BlackElo "951"]
[PlyCount "50"]
[EventDate "2014.10.25"]
[EventType "swiss"]
[EventRounds "7"]
[EventCountry "GER"]
[SourceTitle "EXT 2021"]
[Source "ChessBase"]
[SourceDate "2020.10.23"]
[SourceVersion "1"]
[SourceVersionDate "2020.10.23"]
[SourceQuality "1"]

1. e4 e6 2. d4 d5 3. e5 c5 4. Nf3 Qb6 5. c3 Nc6 6. Be2 Bd7 7. 0-0 Nge7 8. Be3 Qxb2 9. Nfd2 Qxa1 10. Qc2 Nb4 11. cxb4 cxd4 12. Nb3 Ba4 13. Bb5+ Bxb5 14. Nxa1 Bxf1 15. Kxf1 dxe3 16. fxe3 Nc6 17. a3 Be7 18. Nb3 0-0 19. Nd4 Rac8 20. Nc3 Nxe5 21. Ndb5 Nc4 22. Qe2 a6 23. Nd4 Nxa3 24. Qb2 Nc4 25. Qb3 Nd2+ 0-1

[Event "Hannover-ch U14"]
[Site "Lehrte"]
[Date "2013.10.18"]
[Round "3"]
[White "Wengorsch, Fenja"]
[Black "Thormann, Georg"]
[Result "0-1"]
[WhiteElo "776"]
[BlackElo "978"]
[PlyCount "112"]
[EventDate "2013.10.17"]
[EventType "swiss"]
[EventRounds "7"]
[EventCountry "GER"]
[SourceTitle "EXT 2021"]
[Source "ChessBase"]
[SourceDate "2020.10.23"]
[SourceVersion "1"]
[SourceVersionDate "2020.10.23"]
[SourceQuality "1"]

1. e4 e6 2. f3 d5 3. d3 dxe4 4. fxe4 Nf6 5. Nc3 Bb4 6. Bg5 h6 7. Bh4 0-0 8. Be2 Qd6 9. Bg3 Qc6 10. Qd2 Qb6 11. Bf2 Bc5 12. Bxc5 Qxc5 13. Bg4 Nxg4 14. Nf3 Qe3+ 15. Qxe3 Nxe3 16. Rc1 Nxg2+ 17. Kf2 Nf4 18. Ne2 Nxe2 19. Kxe2 Nc6 20. c4 Rd8 21. Rcd1 Nd4+ 22. Ke3 Nxf3 23. Kxf3 e5 24. Ke3 Rd6 25. Rd2 Bg4 26. Rg1 Bh5 27. Rdg2 g6 28. Rf1 Rad8 29. Rd2 c5 30. Re1 Kf8 31. a3 a5 32. b3 Rb8 33. a4 Rb6 34. Rb1 Ke7 35. Kf2 Ke6 36. Ke3 g5 37. Kf2 Bg6 38. Kf3 Rf8 39. Kg3 f5 40. exf5+ Bxf5 41. h4 g4 42. Rbb2 h5 43. Rb1 Rd8 44. Rbb2 Rxd3+ 45. Rxd3 Bxd3 46. Kf2 Bxc4 47. Rc2 Bxb3 48. Rxc5 Bxa4 49. Rxa5 Bc6 50. Ra8 e4 51. Rb8 Rb2+ 52. Kg3 e3 53. Rh8 e2 54. Rxh5 e1Q+ 55. Kxg4 Qg1+ 56. Kf4 Rb4# 0-1

[Event "Niedersachsen-ch op-C"]
[Site "Verden"]
[Date "2013.01.04"]
[Round "3"]
[White "Muermans, Ansgar"]
[Black "Thormann, Georg"]
[Result "1/2-1/2"]
[WhiteElo "1241"]
[BlackElo "868"]
[PlyCount "60"]
[EventDate "2013.01.03"]
[EventType "swiss"]
[EventRounds "7"]
[EventCountry "GER"]
[SourceTitle "EXT 2021"]
[Source "ChessBase"]
[SourceDate "2020.10.23"]
[SourceVersion "1"]
[SourceVersionDate "2020.10.23"]
[SourceQuality "1"]

1. e4 e6 2. d4 d5 3. e5 c5 4. Be3 Nc6 5. Nf3 Qb6 6. b3 cxd4 7. Bxd4 Nxd4 8. Nxd4 Bc5 9. c3 Qc7 10. f4 Ne7 11. b4 Bxd4 12. cxd4 Bd7 13. Na3 Qc3+ 14. Kf2 Qxa3 15. b5 Nf5 16. Bd3 Qc3 17. Bxf5 exf5 18. a4 Rc8 19. Rc1 Qb2+ 20. Kf3 Rxc1 21. Qxc1 Qxc1 22. Rxc1 0-0 23. Rc7 Bc8 24. Rc5 Rd8 25. Rc7 h6 26. a5 a6 27. b6 Kf8 28. h3 Ke8 29. g3 Rd7 30. Rxc8+ Ke7 1/2-1/2

[Event "Niedersachsen-ch op-C"]
[Site "Verden"]
[Date "2013.01.03"]
[Round "1"]
[White "Cegielka, Michael"]
[Black "Thormann, Georg"]
[Result "1-0"]
[WhiteElo "1386"]
[BlackElo "868"]
[PlyCount "65"]
[EventDate "2013.01.03"]
[EventType "swiss"]
[EventRounds "7"]
[EventCountry "GER"]
[SourceTitle "EXT 2021"]
[Source "ChessBase"]
[SourceDate "2020.10.23"]
[SourceVersion "1"]
[SourceVersionDate "2020.10.23"]
[SourceQuality "1"]

1. e4 e6 2. d4 d5 3. e5 c5 4. c3 Nc6 5. Nf3 Qb6 6. Nbd2 cxd4 7. cxd4 Nxd4 8. Qa4+ Nc6 9. Bb5 Bc5 10. 0-0 Bd7 11. Nb3 Nge7 12. Nxc5 Qxc5 13. Be3 d4 14. Bxd4 Qd5 15. Bc3 a6 16. Bxc6 Nxc6 17. Rad1 Qc5 18. Rd2 Qe7 19. Rfd1 Rd8 20. Qb3 Bc8 21. Rxd8+ Nxd8 22. Bb4 Qc7 23. h3 Nc6 24. Bd6 Qa5 25. Qa3 Qxa3 26. Bxa3 Na5 27. Rc1 Bd7 28. Rc7 Kd8 29. Bd6 Nc6 30. Rxb7 Kc8 31. Rc7+ Kd8 32. Ng5 Nb4 33. Nxf7+ 1-0

[Event "Niedersachsen-ch op-C"]
[Site "Verden"]
[Date "2013.01.03"]
[Round "2"]
[White "Thormann, Georg"]
[Black "Brunner, Sophia"]
[Result "0-1"]
[WhiteElo "868"]
[BlackElo "1184"]
[PlyCount "70"]
[EventDate "2013.01.03"]
[EventType "swiss"]
[EventRounds "7"]
[EventCountry "GER"]
[SourceTitle "EXT 2021"]
[Source "ChessBase"]
[SourceDate "2020.10.23"]
[SourceVersion "1"]
[SourceVersionDate "2020.10.23"]
[SourceQuality "1"]

1. d4 d5 2. c4 c6 3. Nc3 Nf6 4. Nf3 Bg4 5. e3 e6 6. g3 Nbd7 7. Bg2 c5 8. 0-0 dxc4 9. Qe2 cxd4 10. exd4 Qc7 11. Nb5 Qc8 12. Bf4 Nd5 13. Bd6 a6 14. Bxf8 axb5 15. Bxg7 Rg8 16. Bh6 b4 17. Rac1 c3 18. bxc3 bxc3 19. h3 Bxf3 20. Bxf3 Nb4 21. Bh5 Ke7 22. Qe3 Nxa2 23. Bg5+ f6 24. Rce1 Rxg5 25. Qxe6+ Kd8 26. Qd6 Rxh5 27. Qe7+ Kc7 28. Rc1 Nxc1 29. Rxc1 Kb6 30. Rb1+ Ka7 31. Ra1+ Kb8 32. Qd6+ Qc7 33. Qxc7+ Kxc7 34. Rxa8 c2 35. Ra1 Rb5 0-1

[Event "Hannover-ch U14"]
[Site "Lehrte"]
[Date "2012.10.23"]
[Round "7"]
[White "Thormann, Georg"]
[Black "Baeuerlein, Michael"]
[Result "0-1"]
[WhiteElo "874"]
[BlackElo "850"]
[PlyCount "32"]
[EventDate "2012.10.23"]
[EventType "swiss"]
[EventRounds "7"]
[EventCountry "GER"]
[SourceTitle "EXT 2021"]
[Source "ChessBase"]
[SourceDate "2020.10.23"]
[SourceVersion "1"]
[SourceVersionDate "2020.10.23"]
[SourceQuality "1"]

1. d4 d5 2. c4 Nf6 3. Nc3 h6 4. Nf3 Bf5 5. Qb3 Nc6 6. Qxb7 Na5 7. Qb5+ c6 8. Qa4 Be4 9. Nxe4 Nxe4 10. cxd5 Qxd5 11. Ne5 e6 12. Bd2 Nxd2 13. Kxd2 Bd6 14. f4 Bxe5 15. fxe5 Nc4+ 16. Kd3 Nxb2+ 0-1

[Event "Hannover-ch U12"]
[Site "Lehrte"]
[Date "2010.10.12"]
[Round "11"]
[White "Pysmenyy, Illya"]
[Black "Thormann, Georg"]
[Result "1-0"]
[WhiteElo "1360"]
[BlackElo "807"]
[PlyCount "113"]
[EventDate "2010.10.09"]
[EventType "swiss"]
[EventRounds "11"]
[EventCountry "GER"]
[SourceTitle "EXT 2021"]
[Source "ChessBase"]
[SourceDate "2020.10.23"]
[SourceVersion "1"]
[SourceVersionDate "2020.10.23"]
[SourceQuality "1"]

1. e4 e6 2. d4 d5 3. exd5 Qxd5 4. Nc3 Qa5 5. g3 Bb4 6. Nge2 Nf6 7. Bg2 Nd5 8. Bd2 Nc6 9. Nxd5 Bxd2+ 10. Qxd2 Qxd2+ 11. Kxd2 exd5 12. Bxd5 Bd7 13. Rad1 0-0-0 14. Kc1 Rhe8 15. Rhe1 f6 16. c3 Be6 17. Bxe6+ Rxe6 18. Nf4 Rxe1 19. Rxe1 g5 20. Nd3 Rd7 21. Re8+ Rd8 22. Rxd8+ Nxd8 23. f4 Ne6 24. Kd2 Kd7 25. Ke3 Kd6 26. f5 Ng7 27. g4 h5 28. h3 h4 29. Nc5 b6 30. Ne4+ Ke7 31. c4 c6 32. c5 b5 33. Nd6 Ne8 34. Nxe8 Kxe8 35. Ke4 Kd7 36. d5 a5 37. d6 a4 38. Kd4 a3 39. bxa3 Kd8 40. Kc3 Kd7 41. Kb4 Kc8 42. a4 Kb7 43. axb5 cxb5 44. Kxb5 Kc8 45. c6 Kd8 46. c7+ Kd7 47. Kb6 Kc8 48. d7+ Kxd7 49. Kb7 Kd6 50. c8Q Ke5 51. Qc4 Kd6 52. Qb5 Ke7 53. Qd5 Ke8 54. Qe6+ Kf8 55. Qd7 Kg8 56. a4 Kf8 57. a5 1-0

[Event "Hannover-ch U12"]
[Site "Lehrte"]
[Date "2010.10.11"]
[Round "9"]
[White "Weissbrot, Boris"]
[Black "Thormann, Georg"]
[Result "1-0"]
[WhiteElo "807"]
[BlackElo "807"]
[PlyCount "53"]
[EventDate "2010.10.09"]
[EventType "swiss"]
[EventRounds "11"]
[EventCountry "GER"]
[SourceTitle "EXT 2021"]
[Source "ChessBase"]
[SourceDate "2020.10.23"]
[SourceVersion "1"]
[SourceVersionDate "2020.10.23"]
[SourceQuality "1"]

1. e4 e6 2. Nf3 d5 3. Nc3 c5 4. d4 Qb6 5. exd5 exd5 6. dxc5 Bxc5 7. Bb5+ Nc6 8. Qe2+ Nge7 9. 0-0 0-0 10. Bxc6 Nxc6 11. Nxd5 Qb5 12. Qxb5 Rd8 13. Qxc5 Be6 14. Ne7+ Nxe7 15. Qxe7 Re8 16. Qxb7 Bf5 17. c3 Reb8 18. Qd5 Be6 19. Qd4 Rd8 20. Qh4 Rf8 21. Ng5 h6 22. Ne4 g5 23. Nf6+ Kg7 24. Nh5+ Kg8 25. Bxg5 hxg5 26. Qxg5+ Kh8 27. Qg7# 1-0

[Event "Hannover-ch U12"]
[Site "Lehrte"]
[Date "2010.10.10"]
[Round "6"]
[White "Kiesel, Lucas"]
[Black "Thormann, Georg"]
[Result "1-0"]
[WhiteElo "795"]
[BlackElo "807"]
[PlyCount "73"]
[EventDate "2010.10.09"]
[EventType "swiss"]
[EventRounds "11"]
[EventCountry "GER"]
[SourceTitle "EXT 2021"]
[Source "ChessBase"]
[SourceDate "2020.10.23"]
[SourceVersion "1"]
[SourceVersionDate "2020.10.23"]
[SourceQuality "1"]

1. Nf3 Nc6 2. g3 e5 3. d3 d5 4. Bg2 Nf6 5. 0-0 Nd4 6. Nbd2 e4 7. dxe4 dxe4 8. Ng5 h6 9. Ngxe4 Nxe4 10. Nxe4 f5 11. Nd2 g5 12. e4 f4 13. b3 Bb4 14. Bb2 h5 15. c3 Bxc3 16. Bxc3 c5 17. Nc4 b5 18. e5 Rb8 19. Nd6+ Ke7 20. Bxd4 Bg4 21. f3 cxd4 22. fxg4 fxg3 23. hxg3 hxg4 24. Qxg4 Qb6 25. Qxg5+ Ke6 26. Rf6+ Kd7 27. Qg7+ Kd8 28. Nf7+ Ke8 29. Rxb6 Rxb6 30. Qxh8+ Kxf7 31. Qh7+ Kf8 32. Qxa7 Re6 33. Qxd4 b4 34. Qxb4+ Re7 35. e6 Ke8 36. Bc6+ Kd8 37. Qb8# 1-0

[Event "Hannover-ch U10"]
[Site "Stadthagen"]
[Date "2009.10.05"]
[Round "7"]
[White "Thormann, Georg"]
[Black "Wehrhahn, Duncan"]
[Result "1-0"]
[WhiteElo "735"]
[BlackElo "734"]
[PlyCount "89"]
[EventDate "2009.10.03"]
[EventType "tourn"]
[EventRounds "11"]
[EventCountry "GER"]
[SourceTitle "EXT 2021"]
[Source "ChessBase"]
[SourceDate "2020.10.23"]
[SourceVersion "1"]
[SourceVersionDate "2020.10.23"]
[SourceQuality "1"]

1. e4 c5 2. Nf3 Nc6 3. Bc4 d6 4. d3 Bg4 5. Nc3 Nd4 6. Bb5+ Nxb5 7. Nxb5 Nf6 8. 0-0 Bxf3 9. Qxf3 g6 10. Bg5 Qd7 11. Bxf6 Qxb5 12. Bxh8 f6 13. b3 0-0-0 14. c4 Qb4 15. Qh3+ Rd7 16. Qe6 Qc3 17. Rac1 Qe5 18. Qxe5 fxe5 19. a3 Rd8 20. b4 Bh6 21. b5 Bxc1 22. Rxc1 Rxh8 23. d4 cxd4 24. c5 dxc5 25. Rxc5+ Kb8 26. Rxe5 Rd8 27. Kf1 d3 28. Ke1 d2+ 29. Kd1 Kc8 30. Rxe7 a6 31. b6 Rd6 32. Rc7+ Kb8 33. Rxh7 Kc8 34. f4 Rxb6 35. Kxd2 Rb5 36. e5 Rb6 37. g4 a5 38. f5 gxf5 39. gxf5 Kb8 40. e6 Rc6 41. e7 Rc8 42. f6 b5 43. f7 b4 44. e8Q Rxe8 45. fxe8Q# 1-0